[Event "NOR-ch Youth 2019"]
[Site "Skien"]
[Date "2019.11.09"]
[Round "4.24"]
[White "Myagmarsuren, Evsuld"]
[Black "Sarat, Victor"]
[Result "1-0"]
[WhiteElo "1471"]
[BlackElo "2079"]
[Annotator "NA RC"]
[PlyCount "39"]
[EventDate "2019.11.08"]
[EventType "swiss"]
[EventCountry "NOR"]
[SourceTitle "playchess.com"]
[Source "ChessBase"]
[SourceQuality "1"]
[TimeControl "5400+30"]

{[%evp 8,38,27,18,38,18,77,59,56,28,32767,32767,32767,32767,66,44,93,32767,108,66,32767,32767,32767,32767,171,75,87,76,92,0,18,14,29999]} 1. e4 {[%emt 0:00:00]} c5 {[%emt 0:00:00]} 2. Nf3 {[%emt 0:00:00]} d6 {[%emt 0:00:00]} 3. d4 {[%emt 0:00:00]} cxd4 {[%emt 0:00:00]} 4. Nxd4 {[%emt 0:00:07]} Nf6 {[%emt 0:00:11]} 5. Nc3 {[%emt 0:00:09]} a6 {[%emt 0:00:11]} 6. Be3 {[%emt 0:00:09]} Qb6 {[%emt 0:00:16] B90: Sicilian Najdorf: Unusual White 6th moves, 6 Be3 Ng4 and 6 Be3 e5} (6... e6 $11 {remains equal.}) (6... e5 7. Nb3 Be7 8. f3 Be6 9. Qd2 Nbd7 10. g4 b5 11. O-O-O O-O 12. g5 b4 13. Ne2 Nh5 14. Ng3 Nf4 15. h4 a5 16. Kb1 a4 17. Nc1 b3 18. cxb3 axb3 19. a3 Qc7 20. Bxf4 exf4 {1-0 (49) Dominguez Perez,L (2763)-Vachier Lagrave,M (2778) Saint Louis 2019}) 7. Nb3 {[%emt 0:02:22]} Qc7 {[%emt 0:00:13]} 8. Qd2 {[%emt 0:00:12]} e6 {[%emt 0:00:20]} 9. f3 {[%emt 0:00:06]} Be7 {[%emt 0:00:19]} 10. O-O-O {[%emt 0:00:30]} b5 {[%emt 0:00:23]} 11. a3 $146 {[%emt 0:00:10]} ({Predecessor:} 11. g4 Nc6 12. g5 Nd7 13. f4 b4 14. Na4 Bb7 15. Bh3 Rc8 16. Rhf1 Na5 17. Nac5 Nxc5 18. Nxc5 dxc5 {0-1 (32) Dolonen,J-Indbryn,T Vadso 1993}) 11... Bb7 {[%emt 0:00:23]} ({Black should play} 11... Nc6 $14) 12. g4 {[%emt 0:00:15]} O-O {[%emt 0:00:25]} 13. h4 {[%emt 0:00:19]} d5 {[%emt 0:00:49]} 14. exd5 {[%emt 0:00:44]} exd5 {[%emt 0:00:07]} 15. g5 {[%emt 0:01:10]} Nh5 {[%emt 0:00:50]} 16. Nxd5 {[%emt 0:00:08]} (16. Bh3 $18 {and White stays clearly on top.}) 16... Bxd5 {[%emt 0:01:47]} 17. Qxd5 {[%emt 0:00:22]} Nc6 {[%emt 0:00:52]} 18. Bd3 {[%emt 0:14:34]} (18. f4 $16) 18... Rad8 {[%emt 0:00:44]} 19. Qe4 {[%emt 0:00:48]} Ng3 {[%emt 0:00:21]} (19... g6 $11 20. Rhe1 Bd6) 20. Qxh7# {[%emt 0:00:11]} 1-0

[Event "NOR-ch Youth 2019"]
[Site "Skien"]
[Date "2019.11.09"]
[Round "5.1"]
[White "Vestby-Ellingsen, Mads"]
[Black "Lund, Gunnar"]
[Result "1/2-1/2"]
[WhiteElo "2351"]
[BlackElo "2274"]
[Annotator "TA"]
[PlyCount "28"]
[EventDate "2019.11.08"]
[EventType "swiss"]
[EventCountry "NOR"]
[SourceTitle "playchess.com"]
[Source "ChessBase"]
[SourceQuality "1"]

{[%evp 10,28,57,26,44,49,47,9,24,-18,10,-9,58,-33,-18,-48,-43,-46,-33,-27,-31]} 1. d4 d6 2. e4 Nf6 3. Nc3 g6 4. Bg5 c6 5. Qd2 Bg7 6. O-O-O h6 {B07: Pirc Defence: Miscellaneous Systems} (6... b5 7. Bd3 Nbd7 8. f4 b4 9. Nce2 Qa5 10. Kb1 O-O 11. Nf3 Rb8 12. h4 d5 13. e5 Ne4 14. Qe3 Nc3+ 15. bxc3 bxc3+ {0-1 (30) Motylev,A (2663)-Andriasian,Z (2621) Tallinn 2016}) 7. Bh4 b5 {[%cal Bb7b5,Bb5b4][%mdl 32]} 8. f3 b4 {The position is equal.} 9. Nce2 a5 $146 ({Predecessor:} 9... Qa5 10. Kb1 Nbd7 11. Nc1 O-O 12. g4 c5 13. g5 hxg5 14. Bxg5 cxd4 15. Nb3 Qb6 16. Nxd4 a5 17. h4 Nh5 18. Bc4 Ne5 19. Bd5 Bb7 20. Bxe7 {1-0 (20) Sidenko,A-Gutierrez,G UECC Email 1999}) 10. Kb1 Ba6 (10... Qc7 $11) 11. Nh3 (11. Bxf6 $1 $14 Bxf6 12. f4) 11... Nbd7 $15 12. Nc1 Qc8 13. Bxa6 Qxa6 14. Qe2 $1 Qxe2 {Accuracy: White = 21%, Black = 71%.} 1/2-1/2

[Event "NOR-ch Youth 2019"]
[Site "Skien"]
[Date "2019.11.09"]
[Round "5.2"]
[White "Fossan, Aleksander"]
[Black "Risting, Eivind Olav"]
[Result "0-1"]
[WhiteElo "2179"]
[BlackElo "2298"]
[Annotator "TA"]
[PlyCount "34"]
[EventDate "2019.11.08"]
[EventType "swiss"]
[EventCountry "NOR"]
[SourceTitle "playchess.com"]
[Source "ChessBase"]
[SourceQuality "1"]

{[%evp 14,46,67,40,75,0,0,-21,-21,-28,-10,-33,-38,-41,-45,-73,-57,-56,-20,-66,-52,-80,-80,-221,-88,-411,-475,-478,-485,-486,-469,-1044,-997,-1487,-1118]} 1. e4 c5 2. c3 d6 3. d4 Nf6 4. Bd3 g6 5. Nf3 Bg7 6. O-O O-O 7. h3 Nc6 8. Re1 (8. d5 $5 {[%cal Rd5c6]} Ne5 9. Nxe5 dxe5 10. Bg5 $14) 8... e5 {[%cal Re5d4] B07: Pirc Defence: Miscellaneous Systems} 9. Na3 $146 (9. d5 $16 Ne7 10. Bd2) ({Predecessor:} 9. dxc5 d5 10. Nbd2 a5 11. a4 Re8 12. Qc2 h6 13. exd5 Qxd5 14. Bc4 Qxc5 15. Qxg6 Be6 16. Bxe6 Rxe6 {1-0 (37) Zhigalko,S (2641)-Naiditsch,A (2705) Riadh 2017}) 9... cxd4 10. cxd4 Nxd4 {The position is equal.} 11. Nxd4 exd4 12. Bf4 a6 13. Qd2 Be6 14. Qb4 Nh5 $36 {[%mdl 2048] Black is more active.} 15. Qxd6 Qh4 16. Bh2 Rfd8 17. Qb6 Rac8 {Played: Qh4-g5} 0-1

[Event "NOR-ch Youth 2019"]
[Site "Skien"]
[Date "2019.11.09"]
[Round "5.3"]
[White "Unhjem, Bjorn Robert Lovoll"]
[Black "Gaure, Sigurd Lauvas"]
[Result "1-0"]
[WhiteElo "1942"]
[BlackElo "1648"]
[Annotator "NA RC"]
[PlyCount "55"]
[EventDate "2019.11.08"]
[EventType "swiss"]
[EventCountry "NOR"]
[SourceTitle "playchess.com"]
[Source "ChessBase"]
[SourceQuality "1"]
[TimeControl "5400+30"]

1. Nf3 {[%emt 0:00:19]} d5 {[%emt 0:00:00]} 2. g3 {[%emt 0:00:13]} g6 {[%emt 0:00:00]} 3. Bg2 {[%emt 0:00:07]} Bg7 {[%emt 0:00:04]} 4. O-O {[%emt 0:01:01]} c5 {[%emt 0:00:29]} 5. d4 {[%emt 0:00:21]} cxd4 {[%emt 0:00:28]} 6. Nxd4 {[%emt 0:00:10]} Nf6 {[%emt 0:00:06]} 7. c4 {[%emt 0:01:24]} Nc6 {[%emt 0:00:33]} 8. cxd5 {[%emt 0:10:07]} Nxd5 {[%emt 0:05:11]} 9. Nxc6 {[%emt 0:00:55]} bxc6 {[%emt 0:00:10]} 10. e4 {[%emt 0:00:20]} Nb6 {[%emt 0:00:21]} 11. Qc2 {[%emt 0:00:24]} Bb7 {[%emt 0:00:33]} 12. a4 {[%emt 0:00:40]} Qc8 {[%emt 0:01:28]} 13. Be3 {[%emt 0:03:32]} O-O {[%emt 0:05:20]} 14. Rd1 {[%emt 0:01:47]} Rd8 {[%emt 0:02:14]} 15. Rxd8+ {[%emt 0:01:33]} Qxd8 {[%emt 0:00:11]} 16. a5 {[%emt 0:00:12]} Rc8 {[%emt 0:02:18]} 17. axb6 {[%emt 0:00:20]} axb6 {[%emt 0:00:10]} 18. Nc3 {[%emt 0:00:55]} c5 {[%emt 0:00:55]} 19. Ra7 {[%emt 0:00:43]} Bc6 {[%emt 0:00:42]} 20. Nd5 {[%emt 0:00:45]} Bf8 {[%emt 0:01:30]} 21. Bg5 {[%emt 0:01:14]} f6 {[%emt 0:00:53]} 22. Nxf6+ {[%emt 0:02:16]} Kh8 {[%emt 0:01:39]} 23. Nd5 {[%emt 0:00:34]} Ra8 {[%emt 0:00:57]} 24. Rxa8 {[%emt 0:01:06]} Qxa8 {[%emt 0:00:09]} 25. h4 {[%emt 0:00:29]} Qb7 {[%emt 0:00:46]} 26. Nf4 {[%emt 0:01:54]} Bg7 {[%emt 0:07:40]} 27. Ne6 {[%emt 0:00:11]} Bf6 {[%emt 0:00:39]} 28. Nd8 {[%emt 0:00:11]} 1-0

[Event "NOR-ch Youth 2019"]
[Site "Skien"]
[Date "2019.11.09"]
[Round "5.4"]
[White "Opseth, Oliver"]
[Black "Hestvik, Elias"]
[Result "0-1"]
[WhiteElo "1795"]
[BlackElo "1784"]
[Annotator "NA RC"]
[PlyCount "90"]
[EventDate "2019.11.08"]
[EventType "swiss"]
[EventCountry "NOR"]
[SourceTitle "playchess.com"]
[Source "ChessBase"]
[SourceQuality "1"]
[TimeControl "5400+30"]

1. e4 {[%emt 0:00:00]} c5 {[%emt 0:00:26]} 2. Nf3 {[%emt 0:00:00]} Nc6 {[%emt 0:00:11]} 3. Bb5 {[%emt 0:00:25]} g6 {[%emt 0:00:11]} 4. O-O {[%emt 0:00:36]} Bg7 {[%emt 0:00:11]} 5. Nc3 {[%emt 0:00:38]} Nf6 {[%emt 0:03:59]} 6. d3 {[%emt 0:02:56]} O-O {[%emt 0:03:55]} 7. Be3 {[%emt 0:01:35]} d6 {[%emt 0:00:44]} 8. Bxc6 {[%emt 0:00:38]} bxc6 {[%emt 0:00:22]} 9. Qd2 {[%emt 0:00:57]} Ng4 {[%emt 0:01:29]} 10. Rae1 {[%emt 0:04:29]} Nxe3 {[%emt 0:02:00]} 11. Qxe3 {[%emt 0:02:51]} Rb8 {[%emt 0:02:11]} 12. Qc1 {[%emt 0:04:52]} Qa5 {[%emt 0:20:25]} 13. e5 {[%emt 0:03:37]} d5 {[%emt 0:01:13]} 14. a3 {[%emt 0:03:18]} Bg4 {[%emt 0:03:30]} 15. Nh4 {[%emt 0:01:18]} d4 {[%emt 0:02:34]} 16. Ne4 {[%emt 0:03:08]} Bxe5 {[%emt 0:06:03]} 17. Qg5 {[%emt 0:02:09]} Bg7 {[%emt 0:06:46]} 18. Qxg4 {[%emt 0:03:46]} f5 {[%emt 0:00:30]} 19. Qg5 {[%emt 0:01:39]} fxe4 {[%emt 0:01:36]} 20. Rxe4 {[%emt 0:00:08]} Rxb2 {[%emt 0:08:05]} 21. Qxe7 {[%emt 0:02:26]} Rxc2 {[%emt 0:02:11]} 22. Qe6+ {[%emt 0:01:45]} Rf7 {[%emt 0:00:21]} 23. Qb3 {[%emt 0:03:26]} Qc3 {[%emt 0:04:25]} 24. Re8+ {[%emt 0:01:37]} Bf8 {[%emt 0:00:04]} 25. Qe6 {[%emt 0:00:31]} Rc1 {[%emt 0:07:33]} 26. Nf3 {[%emt 0:02:13]} Rxf1+ {[%emt 0:00:25]} 27. Kxf1 {[%emt 0:00:03]} Qxd3+ {[%emt 0:00:42]} 28. Ke1 {[%emt 0:00:17]} Qb1+ {[%emt 0:03:19]} 29. Kd2 {[%emt 0:00:23]} Qb2+ {[%emt 0:00:23]} 30. Ke1 {[%emt 0:02:10]} Qc1+ {[%emt 0:01:09]} 31. Ke2 {[%emt 0:00:07]} Qc2+ {[%emt 0:01:01]} 32. Ke1 {[%emt 0:00:08]} d3 {[%emt 0:01:51]} 33. Qe3 {[%emt 0:02:06]} Qc3+ {[%emt 0:11:43]} 34. Kd1 {[%emt 0:00:41]} Rb7 {[%emt 0:02:29]} 35. Qe6+ {[%emt 0:02:12]} Kg7 {[%emt 0:00:19]} 36. Qe5+ {[%emt 0:00:13]} Qxe5 {[%emt 0:00:21]} 37. Nxe5 {[%emt 0:00:11]} Rb3 {[%emt 0:02:44]} 38. a4 {[%emt 0:00:20]} Bd6 {[%emt 0:00:38]} 39. Kd2 {[%emt 0:01:51]} Bxe5 {[%emt 0:00:40]} 40. Rxe5 {[%emt 0:00:06]} c4 {[%emt 0:00:38]} 41. Re7+ {[%emt 0:01:04]} Kf6 {[%emt 0:00:11]} 42. Rxa7 {[%emt 0:00:03]} Rb2+ {[%emt 0:00:12]} 43. Ke3 {[%emt 0:01:24]} Re2+ {[%emt 0:00:37]} 44. Kf3 {[%emt 0:00:03]} c3 {[%emt 0:00:45]} 45. Rc7 {[%emt 0:00:28]} Re6 {[%emt 0:00:30]} 0-1

[Event "NOR-ch Youth 2019"]
[Site "Skien"]
[Date "2019.11.09"]
[Round "5.5"]
[White "Holm, Karl Oskar Magnus"]
[Black "Holand, Per Fredrik"]
[Result "0-1"]
[WhiteElo "1751"]
[BlackElo "1927"]
[Annotator "NA RC"]
[PlyCount "100"]
[EventDate "2019.11.08"]
[EventType "swiss"]
[EventCountry "NOR"]
[SourceTitle "playchess.com"]
[Source "ChessBase"]
[SourceQuality "1"]
[TimeControl "5400+30"]

{[%evp 14,99,3,32767,32767,32767,32767,32767,32767,32767,32767,32767,32767,32767,32767,32767,32767,32767,32767,32767,32767,32767,32767,32767,32767,32767,32767,32767,-175,-181,-161,-176,-273,-189,-279,-294,-279,32767,32767,32767,32767,32767,-275,-293,-339,-352,-367,-333,-410,-395,-446,-426,-472,-409,-416,-457,-360,-566,-688,-680,-949,-1095,-495,-736,-1050,-493,-670,-740,-664,-793,-1172,-1343,-1033,-1622,-1754,-5073,-1137,-29980,-29981,-12843,-29986,-29986,-12845,-29997,-29998,-29998,-29999,-29999]} 1. d4 {[%emt 0:00:00]} Nf6 {[%emt 0:16:08]} 2. c4 {[%emt 0:00:00]} e6 {[%emt 0:00:15]} 3. Nc3 {[%emt 0:00:00]} Bb4 {[%emt 0:00:06]} 4. e3 {[%emt 0:00:00]} O-O {[%emt 0:00:08]} 5. Bd3 {[%emt 0:00:08]} c5 {[%emt 0:00:19]} 6. a3 {[%emt 0:02:40]} Bxc3+ {[%emt 0:00:57]} 7. bxc3 {[%emt 0:00:04]} Nc6 {[%emt 0:01:30]} 8. Ne2 {[%emt 0:01:15]} b6 {[%emt 0:00:19]} 9. O-O {[%emt 0:00:17]} Ba6 {[%emt 0:04:41]} 10. e4 {[%emt 0:11:22]} Ne8 {[%emt 0:01:11]} 11. e5 {[%emt 0:04:38] E29: Nimzo-Indian: Sämisch: 5...0-0 6 e3 c5 7 Bd3 Nc6} (11. f4 f5 12. Ng3 g6 13. Be3 cxd4 14. cxd4 d5 15. cxd5 Bxd3 16. Qxd3 fxe4 17. Nxe4 Qxd5 18. Rad1 Rd8 19. Rfe1 Ng7 20. Ng5 e5 21. fxe5 Nxe5 22. Qe4 {0-1 (47) Radovanovic,M (2500)-Wei,Y (2737) Changsha 2019}) 11... Na5 {[%emt 0:02:18]} 12. f4 {[%emt 0:03:53]} Bxc4 {[%emt 0:04:27]} 13. Bxc4 {[%emt 0:01:13]} Nxc4 {[%emt 0:00:11]} 14. Qd3 {[%emt 0:00:32]} d5 {[%emt 0:04:19]} 15. f5 {[%emt 0:05:17]} exf5 {[%emt 0:01:49]} 16. Rxf5 {[%emt 0:05:05]} g6 $146 {[%emt 0:01:14]} ({Predecessor:} 16... Nc7 17. Bg5 Qd7 {0-1 (44) Volkmann,A (1910)-Cadilhac,I (2287) Sao Paulo 2018}) 17. Qg3 {[%emt 0:08:12]} Ng7 {[%emt 0:00:56]} 18. Rf3 {[%emt 0:02:36]} f6 {[%emt 0:02:55]} 19. Bh6 {[%emt 0:07:31]} fxe5 {[%emt 0:02:22]} 20. Raf1 {[%emt 0:00:17]} Qe7 {[%emt 0:01:36]} 21. dxe5 {[%emt 0:00:57]} Qxe5 {[%emt 0:02:07]} 22. Rxf8+ {[%emt 0:06:27]} Rxf8 {[%emt 0:00:40]} 23. Rxf8+ {[%emt 0:00:05]} Kxf8 {[%emt 0:00:16]} 24. Qxe5 {[%emt 0:00:04]} Nxe5 {[%emt 0:00:12]} 25. Nf4 {[%emt 0:00:22]} Kf7 {[%emt 0:00:40]} 26. Nxd5 {[%emt 0:01:25]} Nf5 {[%emt 0:00:57]} 27. Bf4 {[%emt 0:01:57]} Nc4 {[%emt 0:00:16]} 28. Bb8 {[%emt 0:00:30]} Ke6 {[%emt 0:00:25]} ({Weaker is} 28... Nxa3 29. Bxa7 Ke6 30. Nf4+ Ke5 31. Nd3+ Ke4 32. Nb2 $17) 29. Nf4+ {[%emt 0:00:14]} Kd7 {[%emt 0:00:08]} 30. Bxa7 {[%emt 0:02:26]} Kc8 {[%emt 0:00:09]} 31. Kf2 {[%emt 0:03:43]} Kb7 {[%emt 0:00:07]} 32. Bxb6 {[%emt 0:00:16]} Kxb6 {[%emt 0:00:18]} 33. Nd5+ {[%emt 0:00:56]} Kb5 {[%emt 0:00:23]} 34. Nf6 {[%emt 0:00:06]} h5 {[%emt 0:01:10]} 35. h3 {[%emt 0:00:33]} (35. Kf3 $142) 35... h4 {[%emt 0:00:56]} 36. Kf3 {[%emt 0:00:31]} Nxa3 {[%emt 0:00:30]} 37. Kf4 {[%emt 0:00:32]} Nc4 {[%emt 0:01:00]} (37... Nb1 $142 38. Ne4 Kc4) 38. Ne4 {[%emt 0:00:27]} (38. Kg5 $142) 38... Ncd6 {[%emt 0:01:00]} 39. Nd2 {[%emt 0:00:14]} Nf7 {[%emt 0:00:28]} 40. Ke4 {[%emt 0:00:39]} Kc6 {[%emt 0:00:40]} 41. Kf4 {[%emt 0:01:48]} Kd5 {[%emt 0:00:20]} 42. Ne4 {[%emt 0:00:20] [#]} Ng3 $1 {[%emt 0:00:32]} 43. Nd2 {[%emt 0:00:17]} Ne2+ {[%emt 0:00:30]} 44. Kg4 {[%emt 0:00:24]} Nxc3 {[%emt 0:02:40]} 45. Kxh4 {[%emt 0:00:20]} Ne4 {[%emt 0:00:37]} 46. Nb1 {[%emt 0:00:19]} Ne5 {[%emt 0:02:58]} 47. Na3 {[%emt 0:00:59]} c4 {[%emt 0:00:33]} 48. Nxc4 {[%emt 0:01:08]} Kxc4 {[%emt 0:00:08]} 49. g3 {[%emt 0:00:07]} Kd4 {[%emt 0:00:18]} 50. g4 {[%emt 0:00:08]} Nf3# {[%emt 0:00:22]} 0-1

[Event "NOR-ch Youth 2019"]
[Site "Skien"]
[Date "2019.11.09"]
[Round "5.6"]
[White "Lindalen, Daniel"]
[Black "Nordquelle, Daniel"]
[Result "0-1"]
[WhiteElo "1472"]
[BlackElo "2190"]
[Annotator "TA"]
[PlyCount "52"]
[EventDate "2019.11.08"]
[EventType "swiss"]
[EventCountry "NOR"]
[SourceTitle "playchess.com"]
[Source "ChessBase"]
[SourceQuality "1"]

{[%evp 9,52,-7,-7,-33,14,-35,-4,-2,12,-39,-5,-13,35,0,0,-2,35,31,9,-25,-27,-78,-70,-70,-11,-105,-104,-173,48,-170,-168,-264,-265,-413,-370,-388,-345,-509,-514,-639,-604,-29980,-29981,-29998,-29999]} 1. b3 e5 2. Bb2 Nc6 3. e3 g6 4. Bb5 Bg7 (4... Nge7 5. d4 exd4 6. Bxd4 Nxd4 7. Qxd4 Rg8 8. Qd2 c6 9. Bd3 Bg7 10. c3 d5 11. Ne2 Bf5 12. O-O {½-½ (72) Mamedyarov,S (2799)-Le,Q (2737) Huaian 2017}) 5. Bxc6 bxc6 6. d4 {A01: Nimzowitsch-Larsen Opening} e4 7. Nd2 $146 ({Predecessor:} 7. Ne2 Ne7 8. O-O O-O 9. c4 f5 10. Nbc3 g5 11. d5 cxd5 12. cxd5 {0-1 (20) Rajkovic,D (2245)-Kosic,D (2515) Nis 1997}) 7... f5 (7... Qg5 $5 {[%cal Rg5g2]} 8. Nxe4 Qxg2 $11) 8. Ne2 {The position is equal.} Ne7 9. Nf4 ({White should try} 9. c4 $11) 9... O-O 10. h4 h6 11. Qe2 Qe8 12. O-O-O d6 13. f3 Nd5 14. Nxd5 cxd5 15. f4 (15. Nb1 $11) 15... a5 16. a4 c5 (16... h5 $15) 17. Nb1 {[#]} (17. dxc5 $11 Bxb2+ 18. Kxb2) 17... c4 $1 $36 {[%mdl 2560] White is under strong pressure.} 18. Nc3 (18. bxc4 $17 {might work better.} Ba6 19. Nc3) 18... Qc6 $2 (18... cxb3 $19 {Strongly threatening ...Ba6.} 19. Qb5 bxc2 20. Kxc2 Qf7) 19. Kb1 $2 (19. bxc4 $14 {stays ahead.} dxc4 20. h5) 19... Ba6 $19 {And now ...cxb3 would win.} 20. Qd2 (20. Rc1 $142) 20... Rab8 {[%cal Ba8b8,Bb8b5,Bb5b3,Bb3a3][%mdl 32]} 21. Nb5 (21. Rc1 $142) 21... Bxb5 22. axb5 Rxb5 23. Rc1 (23. h5 $142) 23... Rfb8 24. Ka2 Qb6 25. Ba3 {[#]} Rxb3 $1 {[%mdl 512]} 26. c3 {[#]} (26. cxb3 Qxb3+) 26... Rxa3+ $1 {[%mdl 64] Clearance. Accuracy: White = 12%, Black = 40%.} 0-1

[Event "NOR-ch Youth 2019"]
[Site "Skien"]
[Date "2019.11.09"]
[Round "5.7"]
[White "Vitenberg, Noam Aviv"]
[Black "Melaa, Sondre"]
[Result "1-0"]
[WhiteElo "2246"]
[BlackElo "2234"]
[Annotator "TA"]
[PlyCount "121"]
[EventDate "2019.11.08"]
[EventType "swiss"]
[EventCountry "NOR"]
[SourceTitle "playchess.com"]
[Source "ChessBase"]
[SourceQuality "1"]

{[%evp 13,121,0,0,0,0,5,15,20,25,27,23,-12,-13,-14,-10,-130,0,0,0,0,110,123,137,135,165,168,161,158,228,217,232,214,222,222,267,241,318,304,495,478,464,213,231,237,250,258,278,286,289,306,306,306,304,304,348,283,308,230,257,256,350,343,331,316,612,611,639,658,672,577,4658,640,29977,29978,29978,29978,29973,29965,29966,29967,29968,29969,29969,29970,29970,29971,29971,29972,29972,29973,29973,29974,29974,29975,29975,29976,29976,29973,29965,0,29976,29977,29977,29978,29979,29980,29981,29982,29981,29979]} 1. Nf3 d5 2. d4 Nf6 3. c4 e6 4. Nc3 Be7 5. Bf4 O-O 6. e3 b6 7. cxd5 Nxd5 8. Nxd5 {D37: Queen's Gambit Declined: 5 Bf4} Qxd5 9. Bxc7 (9. Bd3 Qa5+ 10. Kf1 Ba6 11. Bxc7 Bxd3+ 12. Qxd3 Na6 13. Bg3 Nb4 14. Qe2 Rfc8 15. a3 Qa4 {0-1 (54) Caruana,F (2832)-Nakamura,H (2746) London 2018}) 9... Bb4+ 10. Nd2 {The position is equal.} Nc6 11. f3 $146 ({Predecessor:} 11. a3 Bxd2+ 12. Qxd2 Na5 13. Rd1 Bd7 14. b4 Ba4 15. bxa5 Bxd1 16. Qxd1 Qxa5+ {0-1 (75) Oner,O (1960)-Zor,A (2150) Antalya 2018}) 11... Bd7 12. Bd3 Rac8 $1 {[%cal Rc8c7]} 13. Bg3 $1 {[#]} Nxd4 $1 {[%mdl 512]} 14. Be4 {[#]} (14. exd4 $11 {remains equal.} Qxd4 15. a3) 14... Qc5 (14... Nc2+ $1 $17 {[%mdl 512]} 15. Bxc2 Rfd8) 15. exd4 $11 Qxd4 {Strongly threatening ...Ba4!} 16. Bf2 Qxb2 (16... Qd6 $1 $11 {keeps the balance.}) 17. Rb1 $16 Qc3 {aiming for ...Ba4!} 18. O-O $1 f5 {[#]} 19. Nb3 $1 Bb5 20. Rc1 Qf6 {[#]} (20... Qxc1 $16 {keeps fighting.} 21. Nxc1 fxe4) 21. Bd3 $1 $18 {[%cal Rd3b5]} Rcd8 22. Bxb5 Rxd1 23. Rfxd1 h6 24. Rd7 Rf7 25. Bd4 Qg5 $2 (25... Qh4 26. Rxf7 Kxf7 27. Rc7+ {[%mdl 64] Double Attack} Be7) 26. Rc8+ Bf8 27. Rxf7 (27. Rdd8 $142) 27... Kxf7 28. Rc7+ Kg8 29. Bc4 Bc5 30. Nxc5 ({Resist} 30. Bxe6+ Kf8 $18) 30... Qc1+ 31. Bf1 bxc5 32. Rxg7+ ({Much less strong is} 32. Rxc5 Qd2 $18) ({Not} 32. Bxc5 a5 $16) 32... Kf8 33. Rc7 Kg8 34. Bxc5 Qc2 35. a3 a5 36. h3 h5 37. Bd6 Qd2 {White must now prevent ...Qd4+.} 38. Bg3 Qe3+ $2 (38... Qd4+ 39. Bf2 Qa1) 39. Kh2 Qxa3 40. Bc4 Qe3 41. Rc6 f4 42. Bh4 (42. Bxe6+ $142 Kh8 43. Bh4) 42... Qd4 43. Bxe6+ Kg7 44. Rc7+ Kg6 45. Bf7+ Kh6 46. Rc6+ Kh7 47. Bg6+ Kg7 48. Bf6+ Qxf6 49. Rxf6 Kxf6 {[%mdl 4096] Endgame KB-K3P} 50. Bc2 h4 51. Kg1 Ke5 52. Kf2 Kd4 53. Ke2 Kc3 54. Bd1 Kd4 55. Bb3 Kc3 56. Bd1 Kd4 57. Kd2 {White mates.} Kc4 58. Bc2 Kd4 59. Bb3 Kc5 60. Kd3 Kb4 61. Bd1 {Accuracy: White = 68%, Black = 42%.} 1-0

[Event "NOR-ch Youth 2019"]
[Site "Skien"]
[Date "2019.11.09"]
[Round "5.8"]
[White "Nilsen, Tobias Lang"]
[Black "Gjestemoen-VonHirsch, Andre"]
[Result "0-1"]
[WhiteElo "2016"]
[BlackElo "1967"]
[Annotator "NA RC"]
[PlyCount "78"]
[EventDate "2019.11.08"]
[EventType "swiss"]
[EventCountry "NOR"]
[SourceTitle "playchess.com"]
[Source "ChessBase"]
[SourceQuality "1"]
[TimeControl "5400+30"]

1. e4 {[%emt 0:00:00]} c5 {[%emt 0:02:16]} 2. Nf3 {[%emt 0:00:00]} d6 {[%emt 0:00:04]} 3. Bb5+ {[%emt 0:00:00]} Nd7 {[%emt 0:00:04]} 4. Ba4 {[%emt 0:00:41]} Ngf6 {[%emt 0:00:07]} 5. O-O {[%emt 0:00:08]} a6 {[%emt 0:00:03]} 6. c4 {[%emt 0:00:09] B51: Sicilian: Moscow Variation (3 Bb5+) without 3...Bd7} g6 {[%emt 0:00:05]} 7. Nc3 {[%emt 0:01:37]} Bg7 {[%emt 0:00:06]} 8. d3 {[%emt 0:05:08]} O-O {[%emt 0:00:10]} 9. Rb1 {[%emt 0:09:42]} Rb8 $146 {[%emt 0:06:57]} ({Predecessor:} 9... Ng4 10. Ng5 Nb6 11. Bc2 f5 {½-½ (33) Mamedov,R (2708)-Cheparinov,I (2712) Ankara 2018}) 10. a3 {[%emt 0:01:21]} Ne8 {[%emt 0:01:38]} 11. Bd2 {[%emt 0:01:21]} Nc7 {[%emt 0:00:37]} 12. b4 {[%emt 0:01:01]} b5 {[%emt 0:02:27]} 13. cxb5 {[%emt 0:00:45]} axb5 {[%emt 0:00:24]} 14. Bb3 {[%emt 0:01:00]} Ra8 {[%emt 0:09:25]} 15. a4 {[%emt 0:05:05]} bxa4 {[%emt 0:01:56]} 16. Nxa4 {[%emt 0:01:40]} Ba6 {[%emt 0:04:13]} 17. Qc2 {[%emt 0:02:53]} Nb5 {[%emt 0:02:50]} 18. bxc5 {[%emt 0:06:38]} Na3 {[%emt 0:14:10]} 19. Qa2 {[%emt 0:21:57]} Nxb1 {[%emt 0:00:20]} 20. Bxf7+ {[%emt 0:00:18]} Rxf7 {[%emt 0:00:08]} 21. Ng5 {[%emt 0:00:06]} Ne5 {[%emt 0:12:28]} 22. Nb6 $2 {[%emt 0:04:08]} (22. Nxf7 Nxf7 23. Qxb1) 22... Bxd3 {[%emt 0:02:43]} 23. Nxa8 {[%emt 0:00:31]} Bxf1 {[%emt 0:00:05]} 24. c6 {[%emt 0:06:21]} Bc4 {[%emt 0:14:39]} 25. c7 {[%emt 0:01:05]} Qxc7 {[%emt 0:00:05]} ({Weaker is} 25... Bxa2 26. cxd8=Q+ (26. cxd8=R+ $2 {loses.} Rf8 $19) 26... Rf8 27. Qa5 $16) 26. Qxb1 {[%emt 0:00:27] [#]} Qa7 $1 {[%emt 0:00:38]} 27. Nxf7 {[%emt 0:00:34]} Bxf7 {[%emt 0:01:59]} 28. Nb6 {[%emt 0:00:08] [#]} Qa2 $1 {[%emt 0:00:08]} 29. Qc1 {[%emt 0:00:30]} (29. Qxa2 $142 Bxa2 30. Kf1) 29... Nc4 {[%emt 0:00:22]} (29... Nd3 $142 30. Qc8+ Bf8) 30. Nxc4 {[%emt 0:00:07]} Bxc4 {[%emt 0:00:10]} 31. Bg5 {[%emt 0:01:46]} (31. f3 $142) 31... e6 {[%emt 0:07:10]} 32. h4 {[%emt 0:00:39]} Qa1 $19 {[%emt 0:00:04]} 33. Qxa1 {[%emt 0:00:21]} Bxa1 {[%emt 0:00:07]} 34. f3 {[%emt 0:00:26]} Bd4+ {[%emt 0:00:56]} 35. Kh2 {[%emt 0:00:08]} Bf2 {[%emt 0:00:21]} 36. g4 {[%emt 0:00:44]} Bf1 {[%emt 0:00:08]} 37. f4 {[%emt 0:00:39]} d5 {[%emt 0:00:42]} 38. f5 {[%emt 0:00:24]} dxe4 {[%emt 0:00:35]} 39. fxe6 {[%emt 0:00:15]} Kf8 {[%emt 0:00:05]} 0-1